Computer networks : a systems approach (EBOOK) (Record no. 215088)

000 -LEADER
fixed length control field 00882 a2200265 4500
003 - CONTROL NUMBER IDENTIFIER
control field Nust
005 - DATE AND TIME OF LATEST TRANSACTION
control field 20170207170502.0
010 ## - LIBRARY OF CONGRESS CONTROL NUMBER
LC control number 2006102454
020 ## - INTERNATIONAL STANDARD BOOK NUMBER
International Standard Book Number 0123705487 (hardcover : alk. paper)
020 ## - INTERNATIONAL STANDARD BOOK NUMBER
International Standard Book Number 0123740134 (pbk. : alk. paper)
020 ## - INTERNATIONAL STANDARD BOOK NUMBER
International Standard Book Number 9780123705488 (hardcover : alk. paper)
020 ## - INTERNATIONAL STANDARD BOOK NUMBER
International Standard Book Number 9780123740137 (pbk. : alk. paper)
035 ## - SYSTEM CONTROL NUMBER
System control number (OCoLC)77486013
035 ## - SYSTEM CONTROL NUMBER
System control number (OCoLC)ocm77486013
040 ## - CATALOGING SOURCE
Transcribing agency Nust
082 00 - DEWEY DECIMAL CLASSIFICATION NUMBER
Classification number 004.65
100 1# - MAIN ENTRY--PERSONAL NAME
Personal name Peterson, Larry L.
245 10 - TITLE STATEMENT
Title Computer networks : a systems approach (EBOOK)
Statement of responsibility, etc. Larry L. Peterson & Bruce S. Davie.
250 ## - EDITION STATEMENT
Edition statement 4th ed.
260 ## - PUBLICATION, DISTRIBUTION, ETC.
Place of publication, distribution, etc. Amsterdam ;
-- Boston :
Name of publisher, distributor, etc. Morgan Kaufmann,
Date of publication, distribution, etc. c2007.
300 ## - PHYSICAL DESCRIPTION
Extent xxvii, 806 p. :
Other physical details ill. ;
Dimensions 25 cm.
650 #0 - SUBJECT ADDED ENTRY--TOPICAL TERM
Topical term or geographic name entry element Computer networks.
700 1# - ADDED ENTRY--PERSONAL NAME
Personal name Davie, Bruce S.
856 42 - ELECTRONIC LOCATION AND ACCESS
Materials specified Publisher description
Uniform Resource Identifier <a href="http://www.loc.gov/catdir/enhancements/fy0704/2006102454-d.html">http://www.loc.gov/catdir/enhancements/fy0704/2006102454-d.html</a>
942 ## - ADDED ENTRY ELEMENTS (KOHA)
Source of classification or shelving scheme
Koha item type Book
Holdings
Withdrawn status Lost status Source of classification or shelving scheme Damaged status Not for loan Collection code Permanent Location Current Location Date acquired Total Checkouts Full call number Barcode Date last seen Price effective from Koha item type
            Military College of Signals (MCS) Military College of Signals (MCS) 12/12/2016   004.65 PET MCSEB-3344 12/08/2016 12/12/2016 Book
© 2023 Central Library, National University of Sciences and Technology. All Rights Reserved.